The art and architecture of China

Gespeichert in:
Bibliographische Detailangaben
Hauptverfasser: Sickman, Laurence (VerfasserIn), Soper, Alexander (VerfasserIn)
Format: Buch
Sprache:Englisch
Veröffentlicht: Londres Penguin books 1971
Schlagworte:
Tags: Tag hinzufügen
Keine Tags, Fügen Sie den ersten Tag hinzu!

MARC

LEADER 00000nam a2200000 a 4500
001 UCY2571
003 CL-VaPUC
008 941104e19710000UK |||||||||||||||||eng|d
082 0 4 |a 709.51  |b SIC  |2 21 
100 0 |a Sickman, Laurence  |e author  |9 330613 
700 0 |a Soper, Alexander  |e author  |9 330614 
245 1 4 |a The art and architecture of China 
300 |a 527 p 
942 |c BK 
945 |d 19941104 00:00:00  |a mfernand 
260 |a Londres  |b Penguin books  |c 1971 
650 0 |a Arquitectura  |9 804558 
650 0 |a Arte   |v Historia  |9 267548 
651 0 |a China   |9 257545 
583 |a last modification  |c 19941104 00:00:00  |k Rodrigo Vera 
999 |c 230938  |d 230936 
952 |0 0  |1 0  |4 0  |6 709_510000000000000_SIC_1971  |7 0  |8 P  |9 233629  |a BIBARQ  |b BIBARQ  |d 2019-11-15  |i 3027945  |l 1  |o 709.51 SIC 1971  |p 3027945  |r 2025-01-20  |s 2024-04-23  |w 2019-11-15  |y BK  |k ARQ